000 00575nam a2200169 4500
999 _c16299
_d16299
008 211112b ||||| |||| 00| 0 eng d
022 _a0732-8435
082 _aDPer 657.05 C33 Apr - Sept 2016, v86 n4-9
100 _aFranzel, Jeanette.
_943661
245 _aTransforming the PCAOB's agenda:
_bkeynote address/
_cJeanette Franzel.
260 _aNew York:
_bThe New York State Society of CPA,
_c©2016.
300 _av86 n7, pages 42-46:
_billustrations;
_c28 cm.
500 _aThe CPA Journal
650 _aAuditing.
_943662
650 _aFinance.
_943663
942 _2ddc
_cPER